000 00396nam a2200157Ia 4500
005 20240807062600.0
008 240806s9999||||xx |||||||||||||| ||eng||
041 _aeng
082 _a121
_bKANS
100 _aKant, Imanuel
245 0 _aSuddhi buddhi meemansha /
_cKant, Imanuel
260 _bHindi Samiti, Suchna Vibhag, Lucknow
300 _a650p.
650 _aGeneral Studies
942 _cBK
999 _c23287
_d23287